=LDR 00000nam 2200000 4500 =001 INLIS000000000000112 =005 20150116091529.0 =006 =007 =008 Ind =035 ##$$0010-061300000000112 =041 ##$$a Ind =082 ##$$a 910 =090 ##$$a 910 Van g =100 ##$$a Vancleave, Janice Pratt =245 ##$$a Gembira bermain dengan ilmu tentang bumi, 101 percobaan yang pasti berhasil /Janice Pratt Vencleave; penerjemah,Dadi Pakar =260 ##$$aJakarta$bPustaka Utama Grafiti$c1993 =300 ##$$a xvii, 234 hlm. : ilus. ; 21 cm =650 ##$$a Geografi =700 ##$$a Pakar, Dadi =850 ##$$a NBPDMAT